Sports Quiz

Random Sports or Soccer Quiz

English Premier League: True or False Quiz Stats

Quiz Updated May 31, 2018

Challenge
Share
Tweet
Embed
Score 0/30 Timer 05:00
0 Plays Today
Hint T/F % Correct
Alan Shearer is the all time Premier League Leading Scorer.???
85.9%

The Premier League began in 1888.

???
84.3%

Blackburn Rovers have won the Premier League.

???
78.6%
The youngest Premier League goalscorer was 16 years old when he scored his first goal.???
76.3%
Everton FC has never been relegated from the Premier League.

???
74.5%

Jermain Defoe once scored 5 goals in a single Premier League half.

???
73.4%

Shola Ameobi has played in over 100 Premier League matches as a substitute.

???
73.1%
Angel Di Maria is the most expensive player bought by a Premier League team.

???
71.1%

David Beckham scored the longest distance Premier League goal.

???
68%

Ryan Giggs played in the opening weekend of Premier League fixtures.

???
66.1%

As of 2018, no English manager has won the Premier League.

???
66.1%

There are two Premier League stadiums with a capacity of over 60,000.

???
64.4%
The record for fewest points won in a Premier League season is held by Sunderland.

???
63.8%

Thierry Henry won more Premier League Golden Boots than Alan Shearer.

???
63.4%
Kevin Phillips was the first Premier League player to win the European Golden Shoe award.???
58.9%
Hint T/F % Correct

George Burley won the Premier League Manager of the Season award.

???
58.6%
No German has ever won the Premier League Player of the Month award.???
57.4%

Emile Heskey has played over 500 Premier League matches.

???
55.6%
Teddy Sheringham is the only outfield player to play a Premier League match in his forties.???
53.8%
Steven Gerrard has made more Premier League appearances than Frank Lampard.???
52.1%
No player has ever received more than 100 yellow cards.???
52%
The record for most points scored in a Premier League season is held by Manchester United.???
50.7%

Dean Holdsworth scored the first Premier League goal.

???
50.5%
Paul Scholes has won the Premier League Player of the Month award more times than any other player.???
48.8%

Arsenal's 'Invincibles' went unbeaten for over 50 Premier League matches.

???
48.5%
Nigel Martyn kept more Premier League clean sheets than David Seaman.

???
48%
Duncan Ferguson is the only player to have been sent off in 10 Premier League games.???
47.8%
The lowest attendance at a Premier League match was under 2,500.

???
43.2%
Eric Cantona scored the first ever Premier League hat trick.???
41.6%

Arsenal sells the most expensive pies in the Premier League.

???
29.3%

You're not logged in!

Compare scores with friends on all Sporcle quizzes.
Join for Free
OR
Log In

You Might Also Like...

Show Comments

Extras

Top Quizzes Today


Score Distribution

Your Account Isn't Verified!

In order to create a playlist on Sporcle, you need to verify the email address you used during registration. Go to your Sporcle Settings to finish the process.

Report this User

Report this user for behavior that violates our Community Guidelines.

Details: